The Following Program is Not Suitable For Children II Quiz Stats

 Plays Quiz Updated Jun 17, 2018

Score 0/24 Timer 05:00
1 Play Today
% Correct
The Walking Dead
91.9%
The Addams Family
89.4%
Family Guy
85.1%
Planet Earth
82.1%
Dexter
79.8%
Full House
79.5%
The Sopranos
78.6%
Supernatural
77.2%
Avatar: The Last Airbender
75.4%
Mad Men
72.4%
Fargo
70.2%
The Man in the High Castle
67.8%
% Correct
Robot Chicken
63.8%
Phineas and Ferb
59.3%
Frasier
59.2%
Bones
58.6%
Arrow
52.9%
Rick and Morty
48.8%
American Idol
48.6%
Attack on Titan
48.4%
Kim Possible
43.8%
Top Gear
39.5%
Sherlock
31.9%
Skins
28.7%

You're not logged in!

Compare scores with friends on all Sporcle quizzes.
Join for Free
OR
Log In

Show Comments

Extras

Top Quizzes Today


Score Distribution

Your Account Isn't Verified!

In order to create a playlist on Sporcle, you need to verify the email address you used during registration. Go to your Sporcle Settings to finish the process.

Report this User

Report this user for behavior that violates our Community Guidelines.

Details: